| 000 | 02879nam a22003617a 4500 | ||
|---|---|---|---|
| 008 | 090226t xxu||||| |||| 00| 0 eng d | ||
| 010 | _aB-348755-766 | ||
| 020 |
_a9780143065197 _c250.00 |
||
| 035 | _aB-348755-766 | ||
| 037 | _bUBH | ||
| 040 |
_adpl _bEnglish |
||
| 082 | _a920 | ||
| 100 | _aGandhi, Rajmohan | ||
| 245 |
_aGhaffar Khan: _bnonviolent badshah of the pakhtuns / _cby Rajmohan Gandhi |
||
| 260 |
_aNew Delhi _bPenguin Books _c2008 |
||
| 270 |
_a11 Community Centre, Panchsheel Park, _bNew Delhi _e110017 |
||
| 300 |
_axi, 300p. _c18cm(pbk) |
||
| 500 | _aIncludes bibliographical references | ||
| 942 |
_2ddc _cEN _mGAN _h920 |
||
| 999 |
_c24391 _d24391 |
||